000 00674nam a2200205 a 4500
001 000012804
005 20240530073915.0
008 091117s1983 dr a 001 0 spa d
040 _aDO-SdBNP
_bspa
_cBNPHU
082 _aRD863.44
_bM896p
100 1 _aMoscoso López, Ernesto A.
_929613
245 1 3 _aEl por qué debemos superarnos /
_cErnesto A. Moscoso López; prólogo Pedro R. Vásquez.
260 _aSanto Domingo :
_bITESA,
_c1983.
300 _a117 p. :
_bil. ;
_c22 cm.
650 0 _aNovela dominicana
_9223
650 0 _aLiteratura dominicana.
_967
700 1 _aVasquez, Pedro R.
_epról.
_924880
710 2 _aInstituto Técnico Salesiano
_917768
049 _aBNPD
999 _c12454
_d12454